| 000 | 00432nam a2200169Ia 4500 | ||
|---|---|---|---|
| 999 |
_c26132 _d26132 |
||
| 003 | 0100 | ||
| 005 | 20181113092404.0 | ||
| 008 | 130303s9999 xx 000 0 und d | ||
| 040 | _cARRUPELIB | ||
| 050 | _aBV4501.2.B741980 | ||
| 100 |
_avan Breemen, Peter G. _943379 |
||
| 245 |
_aCertain as the dawn _cPeter G. van Breemen |
||
| 260 |
_aDenville _bDimension Books _c1980 |
||
| 300 |
_a155p. ; _c21cm. |
||
| 942 |
_2lcc _cMONOGRAPH |
||